000
00340nam a22001457a 4500
008
210308b ||||| |||| 00| 0 eng d
020
_a
9780815115793
041
_a
eng
080
_2
6th
_a
616.073
082
_a
616.073
100
_a
6
101
_a
RAD
245
_a
Radiologic Science for Technologists
_c
Bushong, S.T
942
_2
udc
_c
BK
999
_c
55895
_d
55895